[Event "NAYCC U12"]
[Site "Toronto CAN"]
[Date "2013.08.18"]
[Round "9"]
[White "Liang, Hairan"]
[Black "Kishkimbayev, Alisher"]
[Result "0-1"]
[WhiteElo "1073"]
[BlackElo "1201"]
[PlyCount "126"]
[GameId "2160767909275649"]
[EventDate "2013.08.14"]
[EventType "swiss"]
[EventRounds "9"]
[EventCountry "CAN"]
[SourceTitle "hb 2013"]

1. e4 c6 2. d4 d5 3. e5 Bf5 4. Nf3 e6 5. Bd3 Bxd3 6. Qxd3 Qb6 7. Nc3 c5 8. dxc5 Bxc5 9. O-O Ne7 10. Na4 Qc7 11. Nxc5 Qxc5 12. Re1 Nf5 13. Be3 Qc7 14. Bf4 Nd7 15. Bg3 Rc8 16. Rac1 O-O 17. c3 Nc5 18. Qc2 Ne4 19. Nd2 Nexg3 20. hxg3 Nd4 21. Qd3 Nc6 22. Nf3 h6 23. g4 Ne7 24. g5 h5 25. g3 g6 26. Nd4 a6 27. Kg2 Nc6 28. Nxc6 Qxc6 29. Qf3 Rfd8 30. Rcd1 Qc4 31. a3 Qb3 32. Rd2 Qb6 33. Rd4 Qxb2 34. Rb4 Qxc3 35. Qf6 Qc6 36. Rf4 Rf8 37. g4 d4+ 38. Kg3 Qc3+ 39. Kg2 Qxe1 40. gxh5 Rc1 41. Rxd4 Qh1+ 42. Kg3 Rg1+ 43. Kf4 Qh4+ 44. Ke3 Qxg5+ 45. Qxg5 Rxg5 46. hxg6 fxg6 47. f4 Rg3+ 48. Kf2 Rxa3 49. f5 Rxf5+ 50. Ke2 Rxe5+ 51. Kd2 Rd5 52. Rxd5 exd5 53. Ke2 g5 54. Kd2 g4 55. Ke2 d4 56. Ke1 Ra2 57. Kf1 d3 58. Kg1 d2 59. Kf2 d1=Q+ 60. Kg3 Qf1 61. Kh4 Rf2 62. Kg5 g3 63. Kg4 g2 0-1

[Event "NAYCC U12"]
[Site "Toronto CAN"]
[Date "2013.08.18"]
[Round "9"]
[White "Menon, Vishal"]
[Black "D'Alonzo, Jonathan"]
[Result "1-0"]
[WhiteElo "1674"]
[BlackElo "1431"]
[PlyCount "79"]
[GameId "2160767909275651"]
[EventDate "2013.08.14"]
[EventType "swiss"]
[EventRounds "9"]
[EventCountry "CAN"]
[SourceTitle "hb 2013"]

1. e4 c5 2. Nf3 Nc6 3. d4 cxd4 4. Nxd4 g6 5. Nc3 Bg7 6. Be3 Nf6 7. Bc4 O-O 8. Bb3 d6 9. f3 Bd7 10. Qd2 a6 11. O-O-O Rc8 12. h4 b5 13. g4 h5 14. Nxc6 Bxc6 15. Bh6 hxg4 16. Bxg7 Kxg7 17. h5 Ng8 18. hxg6 fxg6 19. Qh2 e6 20. Rxd6 Qg5+ 21. Kb1 Qh6 22. Qe5+ Nf6 23. Rxh6 Kxh6 24. Rxe6 Nh5 25. Qd6 Nf4 26. Rf6 gxf3 27. Qxf4+ Kg7 28. Rf7+ Rxf7 29. Qxf7+ Kh6 30. Qxf3 Kg7 31. Qf7+ Kh6 32. a3 a5 33. Bd5 Bxd5 34. Nxd5 b4 35. Ne7 Rc6 36. Nxc6 bxa3 37. Ne5 a2+ 38. Kxa2 Kh5 39. Qxg6+ Kh4 40. Qg4# 1-0

[Event "NAYCC U12"]
[Site "Toronto CAN"]
[Date "2013.08.18"]
[Round "9"]
[White "Seela, Anirudh"]
[Black "Shen, Christopher"]
[Result "0-1"]
[WhiteElo "1812"]
[BlackElo "2018"]
[PlyCount "78"]
[GameId "2160767909275654"]
[EventDate "2013.08.14"]
[EventType "swiss"]
[EventRounds "9"]
[EventCountry "CAN"]
[SourceTitle "EXT 2022"]
[Source "ChessBase"]
[SourceDate "2021.10.06"]
[SourceVersion "1"]
[SourceVersionDate "2021.10.06"]
[SourceQuality "1"]

1. c4 e5 2. Nc3 Nc6 3. g3 g6 4. Bg2 Bg7 5. e3 d6 6. Nge2 f5 7. d3 Nf6 8. O-O O-O 9. Rb1 Be6 10. Nd5 Bf7 11. Nec3 Nxd5 12. Nxd5 Rb8 13. b4 Ne7 14. Nxe7+ Qxe7 15. Qc2 c6 16. a4 d5 17. c5 e4 18. d4 g5 19. Ba3 Bh5 20. b5 f4 21. bxc6 bxc6 22. Rxb8 Rxb8 23. Rb1 Rf8 24. Qb3 Bf3 25. Qb7 Qe6 26. Qa6 Bxg2 27. Kxg2 f3+ 28. Kg1 h5 29. Rb2 h4 30. Qf1 hxg3 31. fxg3 Bxd4 32. exd4 e3 33. Bb4 f2+ 34. Kg2 Qe4+ 35. Kh3 g4+ 36. Kh4 Rf7 37. Bc3 Rh7+ 38. Kg5 Rg7+ 39. Kf6 Rg6# 0-1

[Event "NAYCC U12"]
[Site "Toronto CAN"]
[Date "2013.08.18"]
[Round "9"]
[White "Wan, Kevin"]
[Black "Wang, Dinny"]
[Result "1-0"]
[WhiteElo "2133"]
[BlackElo "1670"]
[PlyCount "45"]
[GameId "2160767909275655"]
[EventDate "2013.08.14"]
[EventType "swiss"]
[EventRounds "9"]
[EventCountry "CAN"]
[SourceTitle "hb 2013"]

1. e4 e5 2. Nf3 f5 3. d3 d6 4. c4 Nf6 5. Nc3 Nc6 6. g3 fxe4 7. dxe4 Be6 8. b3 Be7 9. Bg2 Qd7 10. Ng5 Nd4 11. Nxe6 Nxe6 12. Be3 c6 13. h3 h5 14. Qd2 h4 15. O-O-O O-O-O 16. f4 hxg3 17. f5 Nd4 18. Bxd4 exd4 19. Qxd4 Nh5 20. Qxa7 Bf6 21. e5 Bxe5 22. Qa8+ Kc7 23. Nb5+ 1-0

[Event "NAYCC U12"]
[Site "Toronto CAN"]
[Date "2013.08.18"]
[Round "9"]
[White "Xiao, Kevin"]
[Black "Hemmat, Alexander"]
[Result "0-1"]
[WhiteElo "1247"]
[BlackElo "1688"]
[PlyCount "76"]
[GameId "2160767909275656"]
[EventDate "2013.08.14"]
[EventType "swiss"]
[EventRounds "9"]
[EventCountry "CAN"]
[SourceTitle "hb 2013"]

1. e4 c5 2. Nf3 d6 3. d4 cxd4 4. Nxd4 Nf6 5. Nc3 g6 6. Be3 Bg7 7. f3 Nc6 8. Qd2 Bd7 9. O-O-O O-O 10. Bc4 Rc8 11. Bb3 Ne5 12. h4 h5 13. Bh6 Rc5 14. Rdg1 Qc8 15. Bxg7 Kxg7 16. Kb1 Rh8 17. Qd1 Rxc3 18. bxc3 Qxc3 19. Rh3 Bxh3 20. gxh3 e6 21. Nb5 Qxf3 22. Qxf3 Nxf3 23. Rd1 Nxe4 24. Rd3 Nxh4 25. Nxd6 Nf2 26. Rc3 Rd8 27. Nxb7 Rd1+ 28. Kb2 Rh1 29. Rc7 Nxh3 30. Bxe6 Ng5 31. Bb3 Rf1 32. Nc5 Rf6 33. Rxa7 Nf5 34. a4 h4 35. Rd7 h3 36. Rd1 Ng3 37. Rd2 Nf1 38. Rd1 h2 0-1

[Event "NAYCC U12"]
[Site "Toronto CAN"]
[Date "2013.08.18"]
[Round "9"]
[White "Xu, Jeffrey"]
[Black "Mercado, Carlos"]
[Result "0-1"]
[WhiteElo "1976"]
[BlackElo "1782"]
[PlyCount "40"]
[GameId "2160767909275657"]
[EventDate "2013.08.14"]
[EventType "swiss"]
[EventRounds "9"]
[EventCountry "CAN"]
[SourceTitle "hb 2013"]

1. e4 c5 2. Nf3 e6 3. Nc3 a6 4. a4 d5 5. exd5 exd5 6. d4 Nf6 7. Be2 Nc6 8. O-O Bg4 9. Re1 Be7 10. dxc5 O-O 11. Nd4 Bxe2 12. Ncxe2 Bxc5 13. Nb3 Bb6 14. Ned4 Ne4 15. Be3 Bc7 16. Nf3 Ne5 17. Nxe5 Bxe5 18. Bd4 Bc7 19. Qg4 g6 20. f3 h5 0-1

[Event "NAYCC U12"]
[Site "Toronto CAN"]
[Date "2013.08.18"]
[Round "9"]
[White "Xue, Andrew"]
[Black "Minzak, Michael"]
[Result "1/2-1/2"]
[WhiteElo "1114"]
[BlackElo "1051"]
[PlyCount "48"]
[GameId "2160767909275658"]
[EventDate "2013.08.14"]
[EventType "swiss"]
[EventRounds "9"]
[EventCountry "CAN"]
[SourceTitle "hb 2013"]

1. e4 e5 2. Nf3 Nc6 3. Bc4 Bc5 4. d3 d6 5. h3 Bd7 6. Nc3 Nf6 7. Bg5 h6 8. Bh4 g5 9. Bg3 g4 10. hxg4 Bxg4 11. Bh4 Bb4 12. a3 Bxc3+ 13. bxc3 Be6 14. Bxe6 fxe6 15. Bg5 Qe7 16. Rxh6 Rxh6 17. Bxh6 O-O-O 18. Be3 Rh8 19. Ke2 d5 20. exd5 exd5 21. d4 exd4 22. Nxd4 Nxd4+ 23. Qxd4 Qe6 24. Rg1 Rg8 1/2-1/2

[Event "NAYCC U12"]
[Site "Toronto CAN"]
[Date "2013.08.18"]
[Round "9"]
[White "Yie, Kevin Yi Xiao"]
[Black "Cai, Jason"]
[Result "1/2-1/2"]
[WhiteElo "1578"]
[BlackElo "1778"]
[PlyCount "71"]
[GameId "2160767909275659"]
[EventDate "2013.08.14"]
[EventType "swiss"]
[EventRounds "9"]
[EventCountry "CAN"]
[SourceTitle "EXT 2022"]
[Source "ChessBase"]
[SourceDate "2021.10.06"]
[SourceVersion "1"]
[SourceVersionDate "2021.10.06"]
[SourceQuality "1"]

1. d4 Nf6 2. Bf4 g6 3. e3 Bg7 4. Nf3 d5 5. Be2 c5 6. c3 Nc6 7. Nbd2 O-O 8. h3 b6 9. O-O Bb7 10. Ne5 Nd7 11. Nxd7 Qxd7 12. Nf3 Rfd8 13. Rc1 Rac8 14. Bb5 a6 15. Bxc6 Qxc6 16. Ne5 Qb5 17. Qb3 Qa5 18. a3 f6 19. Nf3 Kh8 20. Rfd1 Bc6 21. Qa2 c4 22. Qb1 Re8 23. Re1 e5 24. Bg3 Bd7 25. Rcd1 Bf5 26. Qc1 Rc6 27. dxe5 fxe5 28. Ng5 Bd3 29. e4 d4 30. cxd4 exd4 31. e5 Kg8 32. Qf4 Qd5 33. e6 Qf5 34. Qh4 h5 35. Nf3 Bf6 36. Nxd4 1/2-1/2

[Event "NAYCC U12"]
[Site "Toronto CAN"]
[Date "2013.08.18"]
[Round "9"]
[White "Yong, Hoyin"]
[Black "Zheng, Maven"]
[Result "1/2-1/2"]
[WhiteElo "1123"]
[BlackElo "1060"]
[PlyCount "108"]
[GameId "2160767909275660"]
[EventDate "2013.08.14"]
[EventType "swiss"]
[EventRounds "9"]
[EventCountry "CAN"]
[SourceTitle "hb 2013"]

1. e4 e5 2. Nf3 Nc6 3. Nc3 Nf6 4. Bb5 d6 5. Bxc6+ bxc6 6. O-O Bg4 7. h3 Bh5 8. d3 Be7 9. Be3 O-O 10. d4 exd4 11. Bxd4 Re8 12. Re1 d5 13. exd5 cxd5 14. Bxf6 Bxf6 15. Rxe8+ Qxe8 16. Nxd5 Bxb2 17. Nxc7 Qc8 18. Nxa8 Bxa1 19. Qxa1 Qxa8 20. Qd4 h6 21. Qe3 Qb7 22. Qb3 Qe7 23. Qb8+ Kh7 24. Qe5 Qxe5 25. Nxe5 f6 26. Nc6 a6 27. c4 Bf7 28. Na5 Kg8 29. a3 Kf8 30. g4 Ke7 31. Kf1 Kd6 32. Ke2 Kc5 33. Kd3 Bg6+ 34. Kc3 Be4 35. Nb3+ Kc6 36. Nd4+ Kb6 37. f3 Bb7 38. Ne6 g5 39. Nf8 Bxf3 40. Nd7+ Kc6 41. Nxf6 Bg2 42. Ng8 Bxh3 43. Nxh6 Bf1 44. Kd4 Be2 45. Nf7 Bd1 46. c5 Kc7 47. Ne5 Ba4 48. Ke4 Bc2+ 49. Kd5 Bb3+ 50. Nc4 Bd1 51. Ne3 Ba4 52. Ke5 Bd7 53. Kf6 Bxg4 54. Nxg4 Kc6 1/2-1/2

[Event "NAYCC U12"]
[Site "Toronto CAN"]
[Date "2013.08.18"]
[Round "9"]
[White "Zhang, Zhehai"]
[Black "Deng, Yi"]
[Result "1-0"]
[WhiteElo "1526"]
[BlackElo "1244"]
[PlyCount "53"]
[GameId "2160767909275661"]
[EventDate "2013.08.14"]
[EventType "swiss"]
[EventRounds "9"]
[EventCountry "CAN"]
[SourceTitle "hb 2013"]

1. e4 c5 2. Nf3 Nc6 3. d4 cxd4 4. Nxd4 e5 5. Nb3 d6 6. Nc3 Nf6 7. Bc4 Be6 8. Be2 Be7 9. O-O h6 10. Be3 a6 11. Qd2 Ng4 12. Bxg4 Bxg4 13. Nd5 Be6 14. Bb6 Qc8 15. Nc7+ Kf8 16. Nxa8 Qxa8 17. Bc7 Bxb3 18. axb3 Nd4 19. Bb6 Bg5 20. Qd3 Bf6 21. Qc4 Nc6 22. Bc7 Be7 23. Rfd1 Nd4 24. Ra4 Nb5 25. Bb6 Bg5 26. Rda1 Bf6 27. Qxb5 1-0

[Event "NAYCC U12"]
[Site "Toronto CAN"]
[Date "2013.08.18"]
[Round "9"]
[White "Zhao, Harry"]
[Black "Li, Ben"]
[Result "0-1"]
[WhiteElo "1767"]
[BlackElo "2037"]
[PlyCount "94"]
[GameId "2160767909275662"]
[EventDate "2013.08.14"]
[EventType "swiss"]
[EventRounds "9"]
[EventCountry "CAN"]
[SourceTitle "hb 2013"]

1. d4 d5 2. Nf3 Nf6 3. e3 Bf5 4. Bd3 Bxd3 5. Qxd3 b6 6. Nbd2 g6 7. O-O Bg7 8. c3 O-O 9. e4 dxe4 10. Nxe4 Nbd7 11. Re1 h6 12. Bf4 Nxe4 13. Qxe4 Nf6 14. Qe2 e6 15. Rad1 Qc8 16. Qd2 Kh7 17. Ne5 Qb7 18. Re3 g5 19. Bxg5 hxg5 20. Rh3+ Kg8 21. Qxg5 Qe4 22. Rg3 Ne8 23. Nd7 f6 24. Qb5 Rf7 25. Re3 Qc2 26. Rde1 Nd6 27. Qc6 Rd8 28. Nc5 bxc5 29. dxc5 Nf5 30. Rxe6 Rd1 31. Qe8+ Rf8 32. Qh5 Rxe1+ 33. Rxe1 Qd2 34. Rd1 Qg5 35. Qe2 Nh4 36. g3 Ng6 37. Rd7 Ne5 38. Rxc7 Qc1+ 39. Kg2 Rd8 40. c6 Rd1 41. Rc8+ Bf8 42. Qh5 Rg1+ 43. Kh3 Qf1+ 44. Kh4 Qxf2 45. Rxf8+ Kxf8 46. Qh8+ Ke7 47. Qh7+ Kd6 0-1

[Event "NAYCC U12"]
[Site "Toronto CAN"]
[Date "2013.08.18"]
[Round "9"]
[White "Zhou, Yuetong (Davy)"]
[Black "Fan, Run Kun"]
[Result "1/2-1/2"]
[WhiteElo "2008"]
[BlackElo "1568"]
[PlyCount "65"]
[GameId "2160767909275663"]
[EventDate "2013.08.14"]
[EventType "swiss"]
[EventRounds "9"]
[EventCountry "CAN"]
[SourceTitle "hb 2013"]

1. e4 e5 2. f4 exf4 3. Nf3 Be7 4. Bc4 Nf6 5. Nc3 c6 6. d4 O-O 7. O-O d5 8. exd5 cxd5 9. Bd3 Bd6 10. Ne5 Qb6 11. Kh1 Nc6 12. Nxc6 bxc6 13. Bxf4 Bxf4 14. Rxf4 Qxb2 15. Na4 Qb8 16. Rh4 Qd6 17. Nc5 Rb8 18. a4 a5 19. Nb3 Qd8 20. Bxh7+ Nxh7 21. Qh5 f6 22. Qxh7+ Kf7 23. Qh5+ Kg8 24. Qg6 Qe8 25. Qg3 Bf5 26. Re1 Qg6 27. Qxg6 Bxg6 28. Nxa5 Rb6 29. Nb3 Bxc2 30. Nc5 Rb2 31. h3 Ra2 32. Re7 Rf7 33. Re8+ 1/2-1/2

[Event "NAYCC U12"]
[Site "Toronto CAN"]
[Date "2013.08.18"]
[Round "9"]
[White "Zhu, Jeffrey Xin Yu"]
[Black "Sun, Benjamin"]
[Result "1-0"]
[WhiteElo "1574"]
[BlackElo "1414"]
[PlyCount "69"]
[GameId "2160767909275664"]
[EventDate "2013.08.14"]
[EventType "swiss"]
[EventRounds "9"]
[EventCountry "CAN"]
[SourceTitle "EXT 2022"]
[Source "ChessBase"]
[SourceDate "2021.10.06"]
[SourceVersion "1"]
[SourceVersionDate "2021.10.06"]
[SourceQuality "1"]

1. d4 Nf6 2. c4 g6 3. Nc3 Bg7 4. e4 d6 5. Be2 O-O 6. Nf3 Nbd7 7. O-O e5 8. d5 Nc5 9. Bd3 a5 10. Be3 b6 11. a3 Bg4 12. Bxc5 bxc5 13. Be2 Nh5 14. h3 Bd7 15. Bd3 Nf4 16. Ne2 f5 17. exf5 Bxf5 18. Nxf4 exf4 19. Rb1 Bxd3 20. Qxd3 Rb8 21. b3 Kh8 22. Rfe1 Re8 23. Rxe8+ Qxe8 24. Ng5 Be5 25. Ne6 c6 26. Qe4 cxd5 27. cxd5 Qe7 28. Nxf4 Rf8 29. Ne6 Kg8 30. Re1 Rb8 31. Nxc5 Rf8 32. Ne6 Rf6 33. Rc1 Rxe6 34. dxe6 Qxe6 35. Qc4 1-0

[Event "NAYCC U12"]
[Site "Toronto CAN"]
[Date "2013.09.18"]
[Round "9"]
[White "Sun, Andy"]
[Black "Luo, Ricky"]
[Result "1/2-1/2"]
[WhiteElo "1082"]
[BlackElo "1023"]
[PlyCount "97"]
[GameId "2160767909275666"]
[EventDate "2013.08.14"]
[EventType "swiss"]
[EventRounds "9"]
[EventCountry "CAN"]
[SourceTitle "hb 2013"]

1. e4 e5 2. f4 exf4 3. Nf3 Nc6 4. d4 d6 5. Bxf4 Nf6 6. Nc3 Bg4 7. h3 Bh5 8. Be2 h6 9. e5 dxe5 10. dxe5 Nd7 11. O-O Bxf3 12. Bxf3 Ncxe5 13. Re1 Bd6 14. Nb5 Qf6 15. Nxd6+ cxd6 16. Qd5 Qxf4 17. Qxd6 Qf6 18. Qb4 Qb6+ 19. Qxb6 axb6 20. Bxb7 Ra5 21. b4 Ra7 22. Bc6 f6 23. Rad1 Rf8 24. a4 Rf7 25. Ra1 Re7 26. Bb5 Kf7 27. c4 Nd3 28. Rxe7+ Kxe7 29. Bxd7 Kxd7 30. Rd1 Ke6 31. Rxd3 Rxa4 32. Rb3 Ke5 33. Kf2 Kd4 34. c5 bxc5 35. b5 c4 36. Rb1 Kd3 37. b6 Ra8 38. Ke1 c3 39. Rb5 Ra1+ 40. Kf2 Ra8 41. Ke1 Kc2 42. Rb4 Re8+ 43. Kf2 Kc1 44. b7 Rb8 45. Ke2 c2 46. Ke1 Re8+ 47. Kf2 Rb8 48. Ke1 g5 49. g4 1/2-1/2

[Event "NAYCC U12 w"]
[Site "Toronto CAN"]
[Date "2013.08.14"]
[Round "1"]
[White "Edouard, Marie-Erline"]
[Black "Roque Sola, Andrea"]
[Result "0-1"]
[WhiteElo "988"]
[BlackElo "1560"]
[PlyCount "98"]
[GameId "2160767909275667"]
[EventDate "2013.08.14"]
[EventType "swiss"]
[EventRounds "9"]
[EventCountry "CAN"]
[SourceTitle "EXT 2022"]
[Source "ChessBase"]
[SourceDate "2021.10.06"]
[SourceVersion "1"]
[SourceVersionDate "2021.10.06"]
[SourceQuality "1"]

1. e4 e5 2. Nf3 Nc6 3. Nc3 Bc5 4. Bc4 d6 5. h3 Nge7 6. d3 h6 7. O-O O-O 8. Re1 Ng6 9. Bd2 Be6 10. b3 Nd4 11. Be3 Bb4 12. Bd2 Nxf3+ 13. Qxf3 Nf4 14. Qg3 Qf6 15. Bxe6 Nxe6 16. Nd5 Qd8 17. Nxb4 a5 18. Nd5 c6 19. Bxa5 Rxa5 20. Ne3 Nf4 21. Nf5 Qf6 22. Re3 d5 23. Qg4 Kh7 24. Rg3 g6 25. Nxh6 Kxh6 26. Re1 Kg7 27. Ree3 Qe6 28. Qh4 Rh8 29. Rxg6+ Qxg6 30. Qg3 Qxg3 31. Rxg3+ Kf8 32. exd5 Ne2+ 33. Kf1 Nxg3+ 34. fxg3 cxd5 35. a4 b5 36. c4 bxa4 37. bxa4 dxc4 38. Ke2 cxd3+ 39. Kxd3 Rxa4 40. h4 e4+ 41. Ke3 f5 42. Kf4 Ra5 43. g4 Rxh4 44. Kg3 Rxg4+ 45. Kh3 e3 46. g3 e2 47. Kg2 e1=Q 48. Kh2 Qf2+ 49. Kh1 Ra1# 0-1

[Event "NAYCC U12 w"]
[Site "Toronto CAN"]
[Date "2013.08.14"]
[Round "1"]
[White "Escamilla Romero, Quetzija"]
[Black "Nguyen, Duy Thien An"]
[Result "0-1"]
[WhiteElo "1151"]
[BlackElo "1654"]
[PlyCount "114"]
[GameId "2160767909275668"]
[EventDate "2013.08.14"]
[EventType "swiss"]
[EventRounds "9"]
[EventCountry "CAN"]
[SourceTitle "EXT 2022"]
[Source "ChessBase"]
[SourceDate "2021.10.06"]
[SourceVersion "1"]
[SourceVersionDate "2021.10.06"]
[SourceQuality "1"]

1. e4 c6 2. d4 d5 3. Nc3 dxe4 4. Nxe4 Bf5 5. f3 Nd7 6. g4 Bxe4 7. fxe4 e6 8. Nf3 Ngf6 9. Bg5 Qa5+ 10. Qd2 Qxd2+ 11. Nxd2 Nxg4 12. Bh3 Ngf6 13. Rf1 Be7 14. Bxf6 Bxf6 15. e5 Bh4+ 16. Ke2 Nb6 17. Ne4 Be7 18. Rf2 Rd8 19. c3 Rf8 20. Rg1 g6 21. Nf6+ Bxf6 22. Rxf6 Nd5 23. Rf2 Ne7 24. Rgf1 Nf5 25. Bxf5 exf5 26. Kd3 Kd7 27. Re2 Rde8 28. c4 f6 29. b4 fxe5 30. dxe5 Ke6 31. Rf3 g5 32. Rh3 Rf7 33. Rh6+ Ke7 34. Rf6 Rd8+ 35. Kc3 Rxf6 36. exf6+ Kxf6 37. Rf2 f4 38. h4 h6 39. h5 Kf5 40. Re2 Kg4 41. Rg2+ Kxh5 42. Rh2+ Kg4 43. Rxh6 Rf8 44. Rh1 f3 45. Rf1 f2 46. Kd2 Kg3 47. Ke2 Kg2 48. Re1 fxe1=Q+ 49. Kxe1 Kh1 50. Kd2 g4 51. Kc3 g3 52. c5 g2 53. Kb3 g1=Q 54. Ka4 Qd4 55. Ka5 Rf3 56. a4 Ra3 57. b5 Qxa4# 0-1

[Event "NAYCC U12 w"]
[Site "Toronto CAN"]
[Date "2013.08.14"]
[Round "1"]
[White "Kao, Camille"]
[Black "Zhu, Jiarong"]
[Result "1-0"]
[WhiteElo "1747"]
[BlackElo "1224"]
[PlyCount "99"]
[GameId "2160767909275669"]
[EventDate "2013.08.14"]
[EventType "swiss"]
[EventRounds "9"]
[EventCountry "CAN"]
[SourceTitle "EXT 2022"]
[Source "ChessBase"]
[SourceDate "2021.10.06"]
[SourceVersion "1"]
[SourceVersionDate "2021.10.06"]
[SourceQuality "1"]

1. e4 c5 2. c3 e6 3. d4 cxd4 4. cxd4 Nc6 5. d5 Bb4+ 6. Nc3 exd5 7. exd5 Qe7+ 8. Be2 Ne5 9. a3 Ba5 10. Be3 Nf6 11. Nf3 Nxf3+ 12. Bxf3 O-O 13. O-O d6 14. Re1 Qc7 15. Rc1 Qd8 16. b4 Bb6 17. Bg5 h6 18. Bf4 a6 19. Ne4 Nxe4 20. Bxe4 Qf6 21. Bg3 Bd7 22. Bf3 Rac8 23. Qd2 Rxc1 24. Rxc1 Rc8 25. Re1 Re8 26. Rxe8+ Bxe8 27. h3 Qa1+ 28. Kh2 Qxa3 29. Bxd6 Qa4 30. Be7 Qd7 31. d6 Qc8 32. Bg4 Bd7 33. Bxd7 Qxd7 34. Qf4 f6 35. Qc4+ Kh7 36. Qg4 Qe8 37. Qe6 Qb8 38. f4 a5 39. bxa5 Bxa5 40. Qf5+ Kh8 41. Qxa5 b6 42. Qf5 Qe8 43. Qe6 Qc6 44. Bf8 Qc1 45. Qg4 g5 46. d7 Qc7 47. Be7 b5 48. d8=Q+ Qxd8 49. Bxd8 b4 50. Bxf6+ 1-0

[Event "NAYCC U12 w"]
[Site "Toronto CAN"]
[Date "2013.08.14"]
[Round "1"]
[White "Li, Catherine"]
[Black "Zhou, Lily"]
[Result "0-1"]
[WhiteElo "1143"]
[BlackElo "1643"]
[PlyCount "86"]
[GameId "2160767909275670"]
[EventDate "2013.08.14"]
[EventType "swiss"]
[EventRounds "9"]
[EventCountry "CAN"]
[SourceTitle "hb 2013"]

1. e4 c5 2. Nf3 Nc6 3. d4 cxd4 4. Nxd4 g6 5. Nc3 Bg7 6. Be3 Nf6 7. f3 O-O 8. Qd2 d5 9. exd5 Nxd5 10. Nxc6 bxc6 11. O-O-O Be6 12. Nxd5 cxd5 13. Bh6 Qc7 14. h4 Bf5 15. c3 Rfd8 16. g4 Be6 17. Bxg7 Kxg7 18. Qd4+ f6 19. h5 Bf7 20. hxg6 hxg6 21. Bd3 Rh8 22. f4 Qb6 23. Qa4 Qe3+ 24. Kc2 Rab8 25. b3 Rbc8 26. Kb2 Rxh1 27. Rxh1 Qxd3 28. Qd4 Qe2+ 29. Ka3 Rc6 30. Qxa7 Ra6+ 31. Qxa6 Qxa6+ 32. Kb2 Qe2+ 33. Ka3 Qxg4 34. Re1 Qxf4 35. Rxe7 Qd6+ 36. b4 Qxe7 37. Ka4 Be8+ 38. b5 Qb7 39. Kb3 Qxb5+ 40. Kc2 g5 41. Kd2 Bg6 42. Kc1 Qe2 43. a4 Qc2# 0-1

[Event "NAYCC U12 w"]
[Site "Toronto CAN"]
[Date "2013.08.14"]
[Round "1"]
[White "Ouellet, Maili-Jade"]
[Black "Tao, Ellen"]
[Result "1-0"]
[WhiteElo "1669"]
[BlackElo "1198"]
[PlyCount "85"]
[GameId "2160767909275672"]
[EventDate "2013.08.14"]
[EventType "swiss"]
[EventRounds "9"]
[EventCountry "CAN"]
[SourceTitle "hb 2013"]

1. d4 d5 2. c4 dxc4 3. e4 e6 4. Bxc4 Bb4+ 5. Nc3 Nc6 6. Nf3 Nf6 7. Qd3 O-O 8. a3 Ba5 9. Bg5 e5 10. d5 Bxc3+ 11. bxc3 Nb8 12. Nxe5 Qd6 13. f4 Ne8 14. Nf3 f6 15. e5 fxe5 16. fxe5 Qg6 17. Qxg6 hxg6 18. Be7 Rf5 19. d6+ Kh8 20. Bd3 Rf4 21. Bxg6 Bd7 22. e6 Bxe6 23. Bxe8 Re4+ 24. Kf2 cxd6 25. Rhe1 Rxe1 26. Rxe1 Bc4 27. Bxd6 Nc6 28. Ng5 Rd8 29. Bf7 Bb5 30. Re4 g6 31. Bxg6 Rg8 32. Rh4+ Kg7 33. Bf7 Rc8 34. c4 Ba6 35. c5 Bb5 36. a4 Bd3 37. Bd5 Kg6 38. Ne4 Kf5 39. Rf4+ Kg6 40. Bf7+ Kg7 41. Ng5 Kh6 42. Ne6 Bc2 43. Rh4# 1-0

[Event "NAYCC U12 w"]
[Site "Toronto CAN"]
[Date "2013.08.14"]
[Round "1"]
[White "Paraparan, Varshini"]
[Black "Trakru, Priya"]
[Result "0-1"]
[WhiteElo "1506"]
[BlackElo "1911"]
[PlyCount "140"]
[GameId "2160767909275673"]
[EventDate "2013.08.14"]
[EventType "swiss"]
[EventRounds "9"]
[EventCountry "CAN"]
[SourceTitle "hb 2013"]

1. e4 c5 2. c3 Nf6 3. e5 Nd5 4. d4 cxd4 5. Nf3 e6 6. cxd4 b6 7. Bc4 Bb7 8. O-O d6 9. Qa4+ Nd7 10. Ba6 Bxa6 11. Qxa6 Nb4 12. Qc4 dxe5 13. dxe5 Rc8 14. Qe2 Nc2 15. Bg5 Be7 16. Bxe7 Kxe7 17. Nc3 Nxa1 18. Rxa1 Nc5 19. Rd1 Qf8 20. Nb5 f6 21. Nxa7 Rc7 22. Nb5 Rd7 23. Rxd7+ Nxd7 24. Qd3 Qb8 25. Qa3+ Nc5 26. Nfd4 Qa8 27. Qg3 Rg8 28. exf6+ gxf6 29. Qc7+ Kf8 30. Qd6+ Kf7 31. Qc7+ Kg6 32. Qxb6 Kh6 33. Nc6 Qxa2 34. h3 Qb1+ 35. Kh2 Qe4 36. g3 Nd3 37. Qe3+ Qxe3 38. fxe3 Nxb2 39. Ncd4 Nc4 40. Nxe6 Nxe3 41. Nbd4 Kg6 42. Nf4+ Kf7 43. Nde2 Nf5 44. Kg2 Ke7 45. Nd5+ Ke6 46. Ndf4+ Ke5 47. Kf3 Nd4+ 48. Nxd4 Kxd4 49. Nh5 Kd3 50. g4 Rf8 51. Ng7 Rf7 52. Nh5 f5 53. g5 Kd4 54. Kf4 Kd5 55. Nf6+ Ke6 56. h4 Rxf6 57. gxf6 Kxf6 58. Kf3 Ke5 59. h5 h6 60. Ke3 f4+ 61. Kf3 Kf5 62. Kf2 Kg4 63. Kg2 Kxh5 64. Kh3 Kg5 65. Kh2 Kg4 66. Kg2 f3+ 67. Kf2 Kf4 68. Kf1 Kg3 69. Kg1 f2+ 70. Kf1 h5 0-1

[Event "NAYCC U12 w"]
[Site "Toronto CAN"]
[Date "2013.08.14"]
[Round "1"]
[White "Ravishankar, Ramitha"]
[Black "Tam, Rachel"]
[Result "1-0"]
[WhiteElo "1581"]
[BlackElo "1005"]
[PlyCount "79"]
[GameId "2160767909275674"]
[EventDate "2013.08.14"]
[EventType "swiss"]
[EventRounds "9"]
[EventCountry "CAN"]
[SourceTitle "EXT 2022"]
[Source "ChessBase"]
[SourceDate "2021.10.06"]
[SourceVersion "1"]
[SourceVersionDate "2021.10.06"]
[SourceQuality "1"]

1. e4 e5 2. Nf3 Nc6 3. Bb5 Nf6 4. d4 Nxe4 5. Qe2 Qf6 6. Qxe4 Qe7 7. Bxc6 dxc6 8. Qxe5 Be6 9. O-O O-O-O 10. Re1 Qd7 11. Qa5 Kb8 12. Be3 Bd5 13. Ne5 Qf5 14. c4 f6 15. cxd5 Rxd5 16. Qa4 fxe5 17. Nc3 Rd8 18. dxe5 c5 19. e6 Bd6 20. Nb5 a6 21. Nxd6 cxd6 22. Rad1 Qxe6 23. Bg5 Qd7 24. Qxd7 Rxd7 25. Re7 Rc7 26. Rxc7 Kxc7 27. Be7 Re8 28. Bxd6+ Kc6 29. Bg3 c4 30. Kf1 g6 31. Rd6+ Kb5 32. Rd7 Rc8 33. Rxb7+ Ka4 34. Be5 h5 35. Bc3 Rd8 36. Rb4+ Ka5 37. Rb8+ Ka4 38. Rxd8 a5 39. Rd5 g5 40. Rxa5# 1-0

[Event "NAYCC U12 w"]
[Site "Toronto CAN"]
[Date "2013.08.14"]
[Round "1"]
[White "Robles Ortiz, Christina"]
[Black "Xu, Allyson"]
[Result "1-0"]
[WhiteElo "1526"]
[BlackElo "967"]
[PlyCount "101"]
[GameId "2160767909275675"]
[EventDate "2013.08.14"]
[EventType "swiss"]
[EventRounds "9"]
[EventCountry "CAN"]
[SourceTitle "EXT 2022"]
[Source "ChessBase"]
[SourceDate "2021.10.06"]
[SourceVersion "1"]
[SourceVersionDate "2021.10.06"]
[SourceQuality "1"]

1. e4 e5 2. Nf3 Nc6 3. Bb5 a6 4. Ba4 Nf6 5. Nc3 g6 6. O-O Bg7 7. d3 O-O 8. a3 d6 9. Bg5 b5 10. Bb3 Be6 11. Nd5 a5 12. Nd2 Nd4 13. Ba2 c6 14. Nxf6+ Bxf6 15. Bh6 Bg7 16. Bxg7 Kxg7 17. Bxe6 fxe6 18. c3 Nf5 19. exf5 Rxf5 20. Qg4 Qf6 21. Ne4 Qe7 22. Rfe1 Rf4 23. Qg3 Raf8 24. f3 R8f5 25. Nd2 Rg5 26. Qf2 Rh5 27. Re4 Rf7 28. Rg4 d5 29. Re1 Qd6 30. Qg3 Qc5+ 31. Kh1 Rff5 32. Nb3 Qb6 33. d4 Qc7 34. Nc5 Qd6 35. Nd3 Qd8 36. Rxe5 Qf6 37. h3 Rxe5 38. dxe5 Qf5 39. Nf4 Rh6 40. Kh2 Qxe5 41. Rg5 Qf6 42. Qg4 Kf7 43. Nd3 Qd8 44. Ne5+ Kg7 45. Qxe6 Qb8 46. Qf7+ Kh8 47. f4 Rh4 48. Qf6+ Kg8 49. Qe6+ Kg7 50. Qf7+ Kh8 51. Rxg6 1-0